00839nam a22002417a 4500001000400000003000900004005001700013008004000030020001800070040003800088082001800126100001900144245013100163250001800294260006600312300004000378500002000418505005200438650002500490650004200515700001900557700002100576679BD-DhUAP20201228141854.0201228r20161959ii a 00010 eengd a9788121924375 aBD-DhUAPcBD-DhUAPdBD-DhUAPbEng 223a621.3 THE1 aTheraja, B. L.00aA textbook of electrical technology :bin S. I. system of unit /cB. L. Theraja and A. K. Theraja ; revised by S. G. Tarnekar. a23rd rev. ed. aNew Delhi :bS. Chand & Company Ltd,cc1959 [Reprinted 2016]. avolumes :billustrations ;c24 cm.  aIncludes index. aV. 2- AC & DC machines in S.I. system of units. 0aElectric Engineering 0aTechnology & EngineeringxElectrical.1 aTheraja, A. K.1 aTarnekar, S. G.